000 00551nam a2200217 a 4500
001 0001-2061
003 ELIB.Books
008 190718 2010 eng
020 _aKBTS
092 _a291.2082
_bOdu
100 _aOduyoye, Mercy Amba.
245 _aDaughters of Anowa
260 _aMaryknoll
_bOrbis Books
_c1995
300 _a229
_c20 Cm
650 _aFeminist
856 _nKBTS Library
_uKBTS Elib
942 _2ddc
_cBK
990 _a5
998 _aEnglishbooks.elf
_ccat
_e2019-07-18
_mcat
_u2019-07-22
999 _c12061
_d12061